Personaggi di fantasia - N - - Statistics

Statistiche generali
  • Questo quiz è stato fatto 2.069 volte
  • Il punteggio medio è 8 su 16
Statistiche sulle risposte
con Immagini Risposta % Corretto
Nemo
100%
Babbo {Natale}
95%
Nettuno
90%
Naruto Uzumaki
86%
Nessie
80%
Neville Paciock
67%
Nala
61%
Ned Flanders
59%
Nick Fury
53%
Neo
52%
Norman Bates
20%
Negan Smith
17%
Nanako
12%
Nell Kellty
10%
Nacho
9%
Napoleon Dynamite
9%
Nessun quiz corrispondente trovato
Distribuzione punteggi
Percentuale di utenti per punteggio
Percentile per numero di risposta
I tuoi punteggi nel tempo
Non hai fatto questo quiz